| 000 | 004610000a22001810004500 | ||
|---|---|---|---|
| 003 | MACL | ||
| 005 | 20151017150342.0 | ||
| 008 | 151017b xxu||||| |||| 00| 0 eng d | ||
| 040 |
_aMACL _cMACL |
||
| 041 | _aEnglish | ||
| 082 | _a920/RAO | ||
| 100 |
_aRao, V S Narayana _915709 |
||
| 245 |
_aDr, N. S. Hardiker _bBuilders of Modern India |
||
| 260 |
_bPublicaton Division _c1985 _aHyderabad |
||
| 350 | _a22 | ||
| 650 |
_aBioraphy _99297 |
||
| 942 |
_cBK _k920 _2ddc |
||
| 999 |
_c5062 _d5062 |
||